000 01927nam a2200457 i 4500
001 42302
003 KOSZ 005
005 20210412141225.0
008 030116s2002 pl a f |000 0 pol
040 _aKOSZ 005
_cKOSZ 005/RW
041 0 _apol
_beng
_bpol
046 _k2002
080 _a658.1/.5
080 _a005
100 1 _aWoźniak, Barbara
_eAutor
245 1 0 _aZmiany w zarządzaniu przedsiębiorstwami :
_buwarunkowania wewnętrzne w teorii i praktyce /
_cBarbara Woźniak ; [recenzenci: Kazimierz Dobrzański, Barbara Kożuch] ; Politechnika Koszalińska.
260 _aKoszalin :
_bWydawnictwo Uczelniane Politechniki Koszalińskiej,
_c2002.
300 _a186, [8] stron :
_bilustracje ;
_c24 cm.
336 _aTekst
_btxt
_2rdacontent
337 _aBez urządzenia pośredniczącego
_bn
_2rdamedia
338 _aWolumin
_bnc
_2rdacarrier
380 _aKsiążki
380 _aPublikacje naukowe
388 1 _a2001-
490 1 _aMonografia Wydziału Ekonomii i Zarządzania,
_x0239-7129 ;
_vnr 91
504 _aBibliografia na stronach [181]-[189].
546 _aStreszczenie w języku polskim i angielskim.
650 7 _aPrzedsiębiorstwo
650 7 _aZarządzanie
650 7 _aOrganizacja
655 7 _aMonografia
658 _aGospodarka, ekonomia, finanse
658 _aZarządzanie i marketing
700 1 _aDobrzański, Kazimierz
_d(1934- )
_eRecenzja
700 1 _aKożuch, Barbara
_d(1950- )
_eRecenzja
710 2 _aWydawnictwo Uczelniane (Politechnika Koszalińska)
_4pbl
830 _aMonografia Wydziału Ekonomii i Zarządzania - Politechnika Koszalińska
856 _uhttp://dlibra.tu.koszalin.pl/dlibra/docmetadata?id=134&from=&dirids=1&ver_id=&lp=1&QI=
_yBiblioteka Cyfrowa
856 _uhttp://koha.tu.koszalin.pl/cgi-bin/koha/opac-detail.pl?biblionumber=42302
_yKatalog online BPK
942 _2UKD
_cKS
999 _c42302
_d42302